[Event "Michigan Class B"]
[Site "Auburn Hills"]
[Date "2005.01.16"]
[Round "4.2"]
[White "Aldrich, Justin M"]
[Black "Li, Derek"]
[Result "1/2-1/2"]
[WhiteElo "1615"]
[BlackElo "1695"]
[PlyCount "70"]
[EventDate "2005.01.15"]
[EventType "swiss"]
[EventRounds "5"]
[EventCountry "USA"]
[SourceTitle "EXT 2006"]
[Source "ChessBase"]
[SourceDate "2005.11.24"]
[SourceVersion "1"]
[SourceVersionDate "2005.11.24"]
[SourceQuality "1"]

1. e4 e5 2. Nf3 Nc6 3. Bc4 Bc5 4. 0-0 Nf6 5. Nc3 0-0 6. a3 d6 7. h3 Be6 8. Bxe6 fxe6 9. Na4 Bb6 10. Nxb6 axb6 11. d3 h6 12. c3 Qd7 13. Nh2 Rf7 14. f4 exf4 15. Bxf4 e5 16. Be3 Raf8 17. Qe2 Ne7 18. Rf3 Qb5 19. Qd2 Nh5 20. Raf1 Rxf3 21. Rxf3 Rxf3 22. Nxf3 Kh7 23. Kh2 Ng6 24. d4 Nhf4 25. dxe5 dxe5 26. Qc2 Kh8 27. a4 Qd3 28. Qxd3 Nxd3 29. b3 Kg8 30. h4 Kf7 31. Kg1 Nf8 32. Kf1 Nd7 33. Ke2 N3c5 34. Nd2 Ke6 35. g3 Kf6 1/2-1/2

[Event "Michigan Class B"]
[Site "Auburn Hills"]
[Date "2005.01.15"]
[Round "3.3"]
[White "Thach, Scott"]
[Black "Aldrich, Justin M"]
[Result "0-1"]
[WhiteElo "1764"]
[BlackElo "1615"]
[PlyCount "146"]
[EventDate "2005.01.15"]
[EventType "swiss"]
[EventRounds "5"]
[EventCountry "USA"]
[SourceTitle "EXT 2006"]
[Source "ChessBase"]
[SourceDate "2005.11.24"]
[SourceVersion "1"]
[SourceVersionDate "2005.11.24"]
[SourceQuality "1"]

1. e4 e5 2. Nf3 d6 3. d4 exd4 4. Nxd4 Nf6 5. Nc3 Bd7 6. Be3 Be7 7. Be2 0-0 8. f4 Nc6 9. Nxc6 Bxc6 10. Bf3 Nd7 11. 0-0 f5 12. exf5 Rxf5 13. Bg4 Rf6 14. Bd4 Rf8 15. Be6+ Kh8 16. g4 Bf6 17. g5 Bxd4+ 18. Qxd4 Nc5 19. Bc4 Qd7 20. Qf2 Qg4+ 21. Qg3 Qxg3+ 22. hxg3 Rae8 23. Rf2 Re3 24. Kh2 Rfe8 25. Raf1 Ne4 26. Nxe4 Bxe4 27. Bb3 d5 28. f5 Re5 29. Kh3 Kg8 30. Kg4 Kf8 31. f6 g6 32. Rh2 Bf5+ 33. Kh4 c6 34. g4 Be6 35. Rg1 R5e4 36. Rh3 Re2 37. Rf3 a5 38. a4 Rh2+ 39. Rh3 Rd2 40. Rd3 Rxd3 41. cxd3 Re2 42. Bd1 Rxb2 43. Re1 Kf7 44. Kg3 Rd2 45. Be2 Ra2 46. Bd1 Ra3 47. Bc2 b5 48. axb5 cxb5 49. Rb1 b4 50. Kf4 Ra2 51. Bb3 Rg2 52. Ra1 Rxg4+ 53. Kf3 Rxg5 54. Rxa5 Rf5+ 55. Ke3 d4+ 56. Kxd4 Rxa5 57. Bxe6+ Kxe6 58. Kc4 Kxf6 59. Kxb4 Ra8 60. d4 Ke6 61. Kc5 Rc8+ 62. Kb4 Kd5 63. Kb3 Kxd4 64. Kb2 Kd3 65. Kb1 Kd2 66. Kb2 Rb8+ 67. Ka3 Kc3 68. Ka4 Rb1 69. Ka5 Kc4 70. Ka6 Kc5 71. Ka7 Kc6 72. Ka8 Kc7 73. Ka7 Ra1# 0-1

[Event "Lansing op"]
[Site "Lansing"]
[Date "2004.09.06"]
[Round "6"]
[White "Perlongo, Nick"]
[Black "Aldrich, Justin M"]
[Result "0-1"]
[WhiteElo "1322"]
[BlackElo "1595"]
[PlyCount "82"]
[EventDate "2004.09.03"]
[EventType "swiss"]
[EventRounds "7"]
[EventCountry "USA"]
[SourceTitle "EXT 2007"]
[Source "ChessBase"]
[SourceDate "2006.11.23"]
[SourceVersion "1"]
[SourceVersionDate "2006.11.23"]
[SourceQuality "1"]

1. c4 e5 2. Nc3 Nf6 3. Nf3 d6 4. g3 Be6 5. d3 h6 6. Bg2 c6 7. e4 Be7 8. 0-0 0-0 9. Be3 Nbd7 10. Re1 Ng4 11. Bd2 Qb6 12. Qe2 f5 13. h3 Ngf6 14. Be3 Qd8 15. exf5 Bxf5 16. d4 e4 17. Nd2 d5 18. Bf4 Re8 19. c5 Nf8 20. Nf1 Ng6 21. Bd2 Qd7 22. Kh2 Bd8 23. Ne3 Be6 24. Rh1 Bc7 25. Kg1 h5 26. h4 Rf8 27. Ncd1 Rf7 28. Be1 Raf8 29. b4 Ng4 30. Bh3 Rf3 31. Bg2 R3f6 32. Bh3 Nxe3 33. Bxe6+ Qxe6 34. Nxe3 Rf3 35. Rh2 Ne7 36. Rb1 Nf5 37. Nxf5 Qxf5 38. Bd2 e3 39. Rd1 exd2 40. Rxd2 Qb1+ 41. Kg2 Rxf2+ 0-1

[Event "Lansing op"]
[Site "Lansing"]
[Date "2004.09.05"]
[Round "5"]
[White "Aldrich, Justin M"]
[Black "Li, Derek"]
[Result "0-1"]
[WhiteElo "1595"]
[BlackElo "1693"]
[PlyCount "82"]
[EventDate "2004.09.03"]
[EventType "swiss"]
[EventRounds "7"]
[EventCountry "USA"]
[SourceTitle "EXT 2007"]
[Source "ChessBase"]
[SourceDate "2006.11.23"]
[SourceVersion "1"]
[SourceVersionDate "2006.11.23"]
[SourceQuality "1"]

1. e4 e5 2. Nf3 Nc6 3. Bc4 Bc5 4. 0-0 Nf6 5. Nc3 d6 6. h3 0-0 7. a3 Be6 8. Bxe6 fxe6 9. d3 h6 10. Na4 Bb6 11. Nxb6 axb6 12. Nh2 d5 13. exd5 exd5 14. Ng4 Qd7 15. Nxf6+ Rxf6 16. Qg4 Qxg4 17. hxg4 Nd4 18. c3 Nb3 19. Rb1 Raf8 20. g5 hxg5 21. Bxg5 Rf5 22. Be3 c5 23. Rbd1 d4 24. Bd2 g5 25. g4 Nxd2 26. Rxd2 Rf4 27. f3 Rxf3 28. Rxf3 Rxf3 29. Kg2 Re3 30. cxd4 exd4 31. a4 Kg7 32. b3 Kf6 33. Kf2 Ke5 34. Re2 Rxe2+ 35. Kxe2 Kf4 36. Kf2 Kxg4 37. Kg2 Kf4 38. Kf2 g4 39. Ke2 g3 40. Kf1 Kf3 41. Kg1 g2 0-1

[Event "Lansing op"]
[Site "Lansing"]
[Date "2004.09.04"]
[Round "3"]
[White "Aldrich, Justin M"]
[Black "Crysler, Jerry"]
[Result "1-0"]
[WhiteElo "1595"]
[BlackElo "1450"]
[PlyCount "93"]
[EventDate "2004.09.03"]
[EventType "swiss"]
[EventRounds "7"]
[EventCountry "USA"]
[SourceTitle "EXT 2007"]
[Source "ChessBase"]
[SourceDate "2006.11.23"]
[SourceVersion "1"]
[SourceVersionDate "2006.11.23"]
[SourceQuality "1"]

1. e4 Nc6 2. Nf3 d6 3. d4 Bd7 4. c3 e6 5. Be2 Be7 6. 0-0 Nf6 7. Bd3 0-0 8. Nbd2 Ne8 9. Re1 g6 10. Nb3 Bf6 11. Bh6 Bg7 12. Qd2 e5 13. Bc4 Bxh6 14. Qxh6 Qf6 15. Rad1 Qg7 16. Qxg7+ Nxg7 17. dxe5 Bg4 18. exd6 Bxf3 19. gxf3 Ne5 20. Be2 cxd6 21. Rxd6 Ne6 22. Rd5 f6 23. Nd4 Nf4 24. Rd6 Rad8 25. Rxd8 Rxd8 26. Kf1 Nxe2 27. Kxe2 Kf7 28. Rd1 Ke7 29. f4 Nc6 30. Nxc6+ bxc6 31. Rxd8 Kxd8 32. Kd3 Kd7 33. Kd4 Kd6 34. e5+ Ke6 35. exf6 Kxf6 36. Kc5 Kf5 37. Kxc6 Kxf4 38. Kd5 g5 39. c4 g4 40. c5 Kf3 41. c6 Kxf2 42. c7 Kg2 43. c8Q h5 44. Qf5 Kxh2 45. Qxh5+ Kg3 46. Qh1 Kf4 47. Qg2 1-0

[Event "Lansing op"]
[Site "Lansing"]
[Date "2004.09.04"]
[Round "2"]
[White "Aldrich, Justin M"]
[Black "Shetty, Atulya"]
[Result "1/2-1/2"]
[WhiteElo "1595"]
[BlackElo "1409"]
[PlyCount "76"]
[EventDate "2004.09.03"]
[EventType "swiss"]
[EventRounds "7"]
[EventCountry "USA"]
[SourceTitle "EXT 2007"]
[Source "ChessBase"]
[SourceDate "2006.11.23"]
[SourceVersion "1"]
[SourceVersionDate "2006.11.23"]
[SourceQuality "1"]

1. e4 c5 2. Nf3 d6 3. Bb5+ Bd7 4. Bxd7+ Nxd7 5. 0-0 Ngf6 6. Re1 e6 7. c3 Be7 8. d4 cxd4 9. cxd4 0-0 10. Nc3 a6 11. Bg5 b5 12. a3 Qb6 13. Rc1 a5 14. e5 dxe5 15. dxe5 Ng4 16. Bxe7 Qxf2+ 17. Kh1 Qb6 18. Qd4 Qxd4 19. Nxd4 Rfe8 20. Bh4 Ndxe5 21. Rcd1 Nc4 22. Ndxb5 Nxb2 23. Rb1 Nd3 24. Rf1 Rec8 25. h3 Ne3 26. Rf3 Nf5 27. Rxd3 Nxh4 28. Rbd1 h6 29. Rd7 Rf8 30. Ne4 Rab8 31. Ned6 Nf5 32. Rf1 Ng3+ 33. Kg1 Nxf1 34. Kxf1 Rfd8 35. Ra7 Ra8 36. Rxf7 Rf8 37. Rxf8+ Rxf8+ 38. Ke2 Rf4 1/2-1/2

[Event "Auburn Hills op"]
[Site "Auburn Hills"]
[Date "2004.04.17"]
[Round "1"]
[White "Aldrich, Justin M"]
[Black "Councell, Keith"]
[Result "1-0"]
[WhiteElo "1570"]
[BlackElo "1434"]
[PlyCount "113"]
[EventDate "2004.04.17"]
[EventType "swiss"]
[EventRounds "5"]
[EventCountry "USA"]
[SourceTitle "EXT 2008"]
[Source "ChessBase"]
[SourceDate "2007.11.25"]
[SourceVersion "1"]
[SourceVersionDate "2007.11.25"]
[SourceQuality "1"]

1. e4 c6 2. Nf3 d5 3. exd5 cxd5 4. d4 Bg4 5. Be2 Nf6 6. c3 e6 7. Bf4 Nbd7 8. Nbd2 Nh5 9. Be3 Bd6 10. Ne5 Bxe2 11. Qxe2 Nhf6 12. Bg5 Qc7 13. Nxd7 Nxd7 14. Nf3 Nf8 15. 0-0 Ng6 16. h3 h6 17. Qb5+ Qd7 18. Qxd7+ Kxd7 19. Be3 b5 20. a4 b4 21. cxb4 Bxb4 22. Rfc1 Rhc8 23. Kf1 a5 24. g3 Ne7 25. Ne5+ Ke8 26. Ke2 Rxc1 27. Rxc1 Rc8 28. Rxc8+ Nxc8 29. Nc6 Nd6 30. Nxb4 axb4 31. Bd2 b3 32. Kd3 Nc4 33. Kc3 Kd7 34. Be1 Na5 35. Kb4 Nc6+ 36. Kc5 Kc7 37. a5 h5 38. a6 Nb8 39. Kb5 Nc6 40. Kc5 Nb8 41. Ba5+ Kc8 42. a7 Kb7 43. axb8Q+ Kxb8 44. Kb4 h4 45. Kxb3 hxg3 46. fxg3 Kb7 47. Bd2 Kb6 48. Kb4 f5 49. Bg5 g6 50. Bd8+ Kc6 51. Ka5 Kb7 52. b4 Ka7 53. b5 Kb7 54. b6 e5 55. dxe5 d4 56. Bg5 d3 57. e6 1-0

[Event "Auburn Hills op"]
[Site "Auburn Hills"]
[Date "2004.04.17"]
[Round "2"]
[White "Smith, Robert Wayne"]
[Black "Aldrich, Justin M"]
[Result "0-1"]
[WhiteElo "1500"]
[BlackElo "1570"]
[PlyCount "42"]
[EventDate "2004.04.17"]
[EventType "swiss"]
[EventRounds "5"]
[EventCountry "USA"]
[SourceTitle "EXT 2008"]
[Source "ChessBase"]
[SourceDate "2007.11.25"]
[SourceVersion "1"]
[SourceVersionDate "2007.11.25"]
[SourceQuality "1"]

1. d4 d5 2. c4 c6 3. Nc3 Nf6 4. Bf4 Bf5 5. Nf3 h6 6. e3 Nbd7 7. Bd3 Bxd3 8. Qxd3 e6 9. 0-0 Be7 10. cxd5 cxd5 11. Rac1 0-0 12. a3 a6 13. e4 dxe4 14. Nxe4 Nd5 15. Bd2 Qb6 16. b4 Rac8 17. Nc5 Nxc5 18. dxc5 Qc7 19. Rc4 Rfd8 20. Qc2 b6 21. c6 b5 0-1

[Event "Warren Decemb op"]
[Site "Warren"]
[Date "2003.12.13"]
[Round "2"]
[White "Aldrich, Justin M"]
[Black "Eckstein, Keaten"]
[Result "1-0"]
[WhiteElo "1589"]
[BlackElo "840"]
[PlyCount "93"]
[EventDate "2003.12.13"]
[EventType "swiss (rapid)"]
[EventRounds "6"]
[EventCountry "USA"]
[SourceTitle "EXT 2008"]
[Source "ChessBase"]
[SourceDate "2007.11.25"]
[SourceVersion "1"]
[SourceVersionDate "2007.11.25"]
[SourceQuality "1"]

1. e4 e5 2. Nf3 Nc6 3. Bc4 f6 4. Nc3 Bb4 5. Nd5 Na5 6. Be2 Nc6 7. Nxb4 Nxb4 8. 0-0 d5 9. exd5 Qxd5 10. Re1 e4 11. a3 Nc6 12. d3 Bg4 13. dxe4 Qxd1 14. Rxd1 Bxf3 15. Bxf3 g5 16. Bh5+ Ke7 17. Be3 Rd8 18. Bc5+ Rd6 19. Rd2 Kd7 20. Bg4+ Ke8 21. Bxd6 cxd6 22. Rxd6 Ne5 23. Bh5+ Ke7 24. Rad1 Nh6 25. h3 Nc4 26. Rd7+ Ke6 27. Rxb7 f5 28. exf5+ Nxf5 29. Rxa7 Nxb2 30. Re1+ Kd5 31. Bf7+ Kd6 32. Re6+ Kd5 33. Ra5+ Kc4 34. Rxf5 Na4 35. Re4+ Kc3 36. Rf3+ Kb2 37. Rxa4 Rb8 38. Rb4+ Rxb4 39. axb4 Kxc2 40. b5 Kd2 41. b6 Ke2 42. b7 g4 43. hxg4 h5 44. b8Q hxg4 45. Qb2+ Kd1 46. Bb3+ Ke1 47. Re3# 1-0

[Event "Warren Decemb op"]
[Site "Warren"]
[Date "2003.12.13"]
[Round "5"]
[White "Brooks, John Wayne"]
[Black "Aldrich, Justin M"]
[Result "1-0"]
[WhiteElo "2135"]
[BlackElo "1589"]
[PlyCount "44"]
[EventDate "2003.12.13"]
[EventType "swiss (rapid)"]
[EventRounds "6"]
[EventCountry "USA"]
[SourceTitle "EXT 2008"]
[Source "ChessBase"]
[SourceDate "2007.11.25"]
[SourceVersion "1"]
[SourceVersionDate "2007.11.25"]
[SourceQuality "1"]

1. e4 e5 2. Nf3 d6 3. d4 exd4 4. Nxd4 Nf6 5. Bd3 Be7 6. 0-0 0-0 7. c4 Nbd7 8. Nc3 Ne5 9. Be2 Be6 10. f4 Nc6 11. Nxc6 bxc6 12. f5 Bd7 13. Bf4 Rb8 14. Qd2 Re8 15. Kh1 Bf8 16. Bf3 h6 17. Rad1 Nh7 18. c5 d5 19. exd5 cxd5 20. Qxd5 Nf6 21. Qc4 Qc8 22. Nd5 Bb5 1-0

[Event "Kalamazoo op1"]
[Site "Kalamazoo"]
[Date "2003.08.30"]
[Round "3.15"]
[White "Crysler, Jerry"]
[Black "Aldrich, Justin M"]
[Result "0-1"]
[WhiteElo "1423"]
[BlackElo "1595"]
[PlyCount "112"]
[EventDate "2003.08.29"]
[EventType "swiss"]
[EventRounds "7"]
[EventCountry "USA"]
[SourceTitle "EXT 2007"]
[Source "ChessBase"]
[SourceDate "2006.11.23"]
[SourceVersion "1"]
[SourceVersionDate "2006.11.23"]
[SourceQuality "1"]

1. Nf3 Nc6 2. c3 e5 3. d3 Nf6 4. g3 d6 5. Bg2 Be7 6. Qc2 h6 7. Nbd2 0-0 8. 0-0 Nh7 9. a3 Be6 10. Re1 f5 11. e3 Qd7 12. Nf1 Ng5 13. Nxg5 Bxg5 14. f4 Be7 15. Qe2 Nd8 16. b4 c6 17. fxe5 dxe5 18. Bb2 Nf7 19. Nd2 Rad8 20. d4 Bg5 21. Nf3 e4 22. Nxg5 Nxg5 23. h4 Nf7 24. Rf1 Nd6 25. Rf2 Qe8 26. Rc1 Bc4 27. Qd2 Qg6 28. Bf1 Qxg3+ 29. Rg2 Qf3 30. Qf2 Qxf2+ 31. Kxf2 Bxf1 32. Rxf1 f4 33. Rfg1 Rd7 34. Bc1 fxe3+ 35. Kxe3 Kh7 36. Ke2 Rf3 37. Rg3 Rdf7 38. Rxf3 Rxf3 39. Bd2 Nc4 40. Rg4 Rh3 41. Bf4 Rxc3 42. Rg3 Rxa3 43. Rxa3 Nxa3 44. Ke3 Nc2+ 45. Kxe4 Nxb4 46. Bd6 a5 47. Bc5 Kg6 48. Bb6 a4 49. Ba5 Nd5 50. Kd3 Kh5 51. Be1 Kg4 52. Kc2 g5 53. hxg5 hxg5 54. Kb2 Kf3 55. Ka3 b5 56. Bd2 g4 0-1

[Event "Auburn Hills op"]
[Site "Auburn Hills"]
[Date "2003.04.27"]
[Round "4"]
[White "Aldrich, Justin M"]
[Black "Haney, Mark A"]
[Result "1-0"]
[WhiteElo "1558"]
[BlackElo "1514"]
[PlyCount "89"]
[EventDate "2003.04.26"]
[EventType "swiss"]
[EventRounds "5"]
[EventCountry "USA"]
[SourceTitle "EXT 2007"]
[Source "ChessBase"]
[SourceDate "2006.11.23"]
[SourceVersion "1"]
[SourceVersionDate "2006.11.23"]
[SourceQuality "1"]

1. e4 e5 2. Nf3 Nc6 3. Bc4 Bc5 4. 0-0 Nf6 5. Nc3 0-0 6. a3 d6 7. h3 Be6 8. Bxe6 fxe6 9. d3 a6 10. Ne2 Qe8 11. Be3 Ba7 12. Bxa7 Rxa7 13. c3 Nh5 14. d4 Qg6 15. Qd3 exd4 16. cxd4 d5 17. Ne5 Nxe5 18. dxe5 b6 19. Qe3 c5 20. exd5 exd5 21. Rad1 d4 22. Qb3+ Kh8 23. e6 b5 24. Qd5 Qf5 25. Qd6 Re8 26. Ng3 Qxe6 27. Qxe6 Rxe6 28. Nxh5 Rae7 29. Nf4 Re4 30. Nd3 Rc7 31. Rfe1 Rxe1+ 32. Rxe1 h6 33. Kf1 c4 34. Nf4 d3 35. Re8+ Kh7 36. Ke1 a5 37. Re5 Rf7 38. Nd5 Rd7 39. Ne3 Rb7 40. Kd2 g6 41. Nd1 Kg7 42. a4 bxa4 43. Rxa5 Re7 44. Nc3 Rf7 45. f3 1-0

[Event "Genesee County CC-ch"]
[Site "Flint"]
[Date "2002.11.06"]
[Round "3"]
[White "Thach, Scott"]
[Black "Aldrich, Justin M"]
[Result "0-1"]
[WhiteElo "1204"]
[BlackElo "1631"]
[PlyCount "80"]
[EventDate "2002.10.23"]
[EventType "swiss"]
[EventRounds "5"]
[EventCountry "USA"]
[SourceTitle "EXT 2009"]
[Source "ChessBase"]
[SourceDate "2008.11.26"]
[SourceVersion "1"]
[SourceVersionDate "2008.11.26"]
[SourceQuality "1"]

1. e4 e5 2. Nf3 d6 3. Nc3 Bg4 4. Be2 Nf6 5. 0-0 Nc6 6. d3 h6 7. b3 Be7 8. Bb2 a6 9. a3 0-0 10. h3 Be6 11. Nh2 Nd4 12. Rc1 Nxe2+ 13. Nxe2 Nh7 14. f4 exf4 15. Nxf4 Bg5 16. Nxe6 fxe6 17. Rb1 Be3+ 18. Kh1 e5 19. Ng4 Bf4 20. Qe2 Qh4 21. Qe1 Bg3 22. Qe2 Ng5 23. Kg1 h5 24. Ne3 Bf4 25. Nf5 Rxf5 26. exf5 Qg3 27. Rxf4 Nxh3+ 28. Kh1 Nxf4 29. Qd2 Rf8 30. Rf1 Rxf5 31. Rf3 Qh4+ 32. Kg1 Rg5 33. g3 Rxg3+ 34. Rxg3 Qxg3+ 35. Kf1 Qf3+ 36. Kg1 Ne2+ 37. Qxe2 Qxe2 38. Bc3 h4 39. d4 h3 40. dxe5 Qg2# 0-1

[Event "Lansing op"]
[Site "Lansing"]
[Date "2002.09.02"]
[Round "7"]
[White "Anderson, Neal"]
[Black "Aldrich, Justin M"]
[Result "1/2-1/2"]
[WhiteElo "1355"]
[BlackElo "1610"]
[PlyCount "94"]
[EventDate "2002.08.30"]
[EventType "swiss"]
[EventRounds "7"]
[EventCountry "USA"]
[SourceTitle "EXT 2007"]
[Source "ChessBase"]
[SourceDate "2006.11.23"]
[SourceVersion "1"]
[SourceVersionDate "2006.11.23"]
[SourceQuality "1"]

1. d4 d5 2. c4 c6 3. Nf3 Nf6 4. Nc3 dxc4 5. e4 b5 6. Qc2 Bg4 7. Be3 Qa5 8. Be2 b4 9. Nd1 b3+ 10. Qc3 Qa4 11. Bxc4 Nxe4 12. Qxb3 Qxb3 13. Bxb3 e6 14. a3 Bxf3 15. gxf3 Nd6 16. Nc3 Nd7 17. Ba4 Rb8 18. Bxc6 Rxb2 19. Na4 Rb8 20. Nc5 Rd8 21. Nxd7 Rxd7 22. Bxd7+ Kxd7 23. a4 Nf5 24. Ke2 Bd6 25. h3 a5 26. Rab1 Bb4 27. Rhd1 Rc8 28. Rbc1 Rb8 29. d5 Bd6 30. dxe6+ Kxe6 31. Rc6 Rb2+ 32. Rd2 Rxd2+ 33. Kxd2 f6 34. Kd3 Kd5 35. Ra6 Bb4 36. Bd2 Nd6 37. Bxb4 axb4 38. Rxd6+ Kxd6 39. Kc4 Kc6 40. Kxb4 g5 41. a5 h5 42. a6 f5 43. a7 Kb7 44. a8Q+ Kxa8 45. Kc5 g4 46. h4 f4 47. Kd4 g3 1/2-1/2

[Event "Lansing op"]
[Site "Lansing"]
[Date "2002.09.01"]
[Round "2"]
[White "La Ferriere, Adam"]
[Black "Aldrich, Justin M"]
[Result "0-1"]
[WhiteElo "1354"]
[BlackElo "1610"]
[PlyCount "52"]
[EventDate "2002.08.30"]
[EventType "swiss"]
[EventRounds "7"]
[EventCountry "USA"]
[SourceTitle "EXT 2007"]
[Source "ChessBase"]
[SourceDate "2006.11.23"]
[SourceVersion "1"]
[SourceVersionDate "2006.11.23"]
[SourceQuality "1"]

1. b3 e5 2. Bb2 d6 3. g3 Nc6 4. Bg2 Bd7 5. e3 Nf6 6. Ne2 Be7 7. d4 exd4 8. exd4 0-0 9. d5 Ne5 10. c4 Bg4 11. Bxe5 dxe5 12. Nbc3 Bb4 13. 0-0 Bxc3 14. Rc1 Ba5 15. Qd3 c6 16. d6 Bxe2 17. Qxe2 Qxd6 18. Rfd1 Qe7 19. a3 Qxa3 20. Qxe5 Rfe8 21. Qf5 Bc7 22. Rb1 Re5 23. Qf3 Rae8 24. Qc3 Bb6 25. Ra1 Qc5 26. Rf1 Re2 0-1

[Event "Lansing op"]
[Site "Lansing"]
[Date "2002.08.31"]
[Round "2"]
[White "Crysler, Jerry"]
[Black "Aldrich, Justin M"]
[Result "1-0"]
[WhiteElo "1467"]
[BlackElo "1610"]
[PlyCount "141"]
[EventDate "2002.08.30"]
[EventType "swiss"]
[EventRounds "7"]
[EventCountry "USA"]
[SourceTitle "EXT 2007"]
[Source "ChessBase"]
[SourceDate "2006.11.23"]
[SourceVersion "1"]
[SourceVersionDate "2006.11.23"]
[SourceQuality "1"]

1. g3 e5 2. Bg2 d5 3. c4 dxc4 4. Qa4+ c6 5. Qxc4 Be6 6. Qc2 Nf6 7. f3 Nbd7 8. Nh3 h6 9. Nc3 Bc5 10. e3 0-0 11. Nf2 Re8 12. 0-0 Rc8 13. b3 Bb6 14. Bb2 Nd5 15. Nfe4 Qe7 16. Na4 Bc7 17. Nec5 Nxc5 18. Qxc5 Qxc5 19. Nxc5 b6 20. Nxe6 Rxe6 21. Bh3 Rce8 22. Bxe6 Rxe6 23. a3 c5 24. Rae1 Rg6 25. d4 cxd4 26. exd4 exd4 27. Bxd4 f5 28. Rd1 f4 29. Bf2 Nc3 30. Rd2 fxg3 31. hxg3 Nb5 32. a4 Nd6 33. Rc2 Bd8 34. Rc6 Be7 35. Rd1 Rf6 36. Kg2 Kh7 37. Rc7 Re6 38. Rxa7 Re2 39. Rd7 Nf5 40. Kg1 Bf6 41. R7d2 Re6 42. g4 Ne7 43. Rd6 Re2 44. Rxb6 Ng6 45. Rb4 Ne5 46. Rf4 Rb2 47. b4 Rb3 48. Kg2 Rb2 49. Kg3 Ng6 50. Rxf6 gxf6 51. Bc5 Ne5 52. a5 Rb3 53. Rf1 Nd3 54. a6 Ra3 55. Rd1 Nxc5 56. bxc5 Rxa6 57. Rd6 Ra5 58. c6 Rc5 59. Rxf6 Kg7 60. Rd6 h5 61. gxh5 Rxh5 62. Rd7+ Kf6 63. c7 Rc5 64. f4 Ke6 65. Rg7 Kd6 66. Kg4 Rxc7 67. Rxc7 Kxc7 68. Kf5 Kd7 69. Kf6 Ke8 70. Kg7 Ke7 71. f5 1-0

[Event "Warren action op"]
[Site "Warren"]
[Date "2001.12.08"]
[Round "5"]
[White "Smeckert, Dennis"]
[Black "Aldrich, Justin M"]
[Result "0-1"]
[WhiteElo "1260"]
[BlackElo "1589"]
[PlyCount "60"]
[EventDate "2001.12.08"]
[EventType "swiss (rapid)"]
[EventRounds "6"]
[EventCountry "USA"]
[SourceTitle "EXT 2007"]
[Source "ChessBase"]
[SourceDate "2006.11.23"]
[SourceVersion "1"]
[SourceVersionDate "2006.11.23"]
[SourceQuality "1"]

1. e4 e5 2. Nc3 Nf6 3. d3 h6 4. h3 Nc6 5. g3 Bc5 6. Nge2 d6 7. Bg2 a6 8. 0-0 0-0 9. g4 Nh7 10. Ng3 Ne7 11. Nce2 c6 12. Kh1 Ng6 13. f4 exf4 14. Nxf4 Nh4 15. d4 Bb6 16. Be3 Nxg2 17. Kxg2 Re8 18. Qd2 Nf6 19. Nfh5 Nxe4 20. Nxe4 Rxe4 21. Bxh6 Rxd4 22. Qf2 Rxg4+ 23. hxg4 Bxf2 24. Rxf2 gxh6 25. Raf1 Be6 26. Nf6+ Kh8 27. Rh1 Qf8 28. Kg3 Qg7 29. Rh5 Rg8 30. Nxg8 Qxg4+ 0-1

[Event "Genesee County CC-ch"]
[Site "Flint"]
[Date "2001.10.17"]
[Round "2"]
[White "Duncan, Jack"]
[Black "Aldrich, Justin M"]
[Result "1-0"]
[WhiteElo "2063"]
[BlackElo "1554"]
[PlyCount "89"]
[EventDate "2001.10.10"]
[EventType "swiss"]
[EventRounds "5"]
[EventCountry "USA"]
[SourceTitle "EXT 2009"]
[Source "ChessBase"]
[SourceDate "2008.11.26"]
[SourceVersion "1"]
[SourceVersionDate "2008.11.26"]
[SourceQuality "1"]

1. e4 e5 2. Nf3 d6 3. d4 exd4 4. Nxd4 Nf6 5. Nc3 Be7 6. Be2 Bd7 7. 0-0 Nc6 8. Kh1 Nxd4 9. Qxd4 Bc6 10. f4 0-0 11. Bf3 Nd7 12. Be3 Bf6 13. Qc4 Re8 14. Rfe1 a6 15. Rad1 Re7 16. e5 Bxf3 17. gxf3 dxe5 18. Nd5 Re6 19. Qxc7 Qc8 20. Qxd7 Qxd7 21. Nxf6+ Rxf6 22. Rxd7 exf4 23. Bd4 Rg6 24. Rxb7 h6 25. Rg1 Rxg1+ 26. Kxg1 Rc8 27. c3 Re8 28. Kf2 Re6 29. Rb6 Rxb6 30. Bxb6 g5 31. b4 f5 32. a4 Kf7 33. b5 axb5 34. a5 g4 35. Bc7 g3+ 36. hxg3 fxg3+ 37. Kxg3 Ke6 38. a6 f4+ 39. Bxf4 b4 40. cxb4 h5 41. a7 h4+ 42. Kg4 h3 43. a8Q h2 44. Qe8+ Kf6 45. Be5# 1-0

[Event "Lansing op"]
[Site "Lansing"]
[Date "2001.09.02"]
[Round "4"]
[White "Aldrich, Justin M"]
[Black "Biondo, Anthony"]
[Result "0-1"]
[WhiteElo "1525"]
[BlackElo "1672"]
[PlyCount "106"]
[EventDate "2001.08.31"]
[EventType "swiss"]
[EventRounds "7"]
[EventCountry "USA"]
[SourceTitle "EXT 2007"]
[Source "ChessBase"]
[SourceDate "2006.11.23"]
[SourceVersion "1"]
[SourceVersionDate "2006.11.23"]
[SourceQuality "1"]

1. e4 c5 2. Nf3 Nc6 3. Bb5 g6 4. 0-0 Bg7 5. c3 Nf6 6. Re1 0-0 7. d4 cxd4 8. cxd4 d6 9. h3 a6 10. Ba4 b5 11. Bc2 Bb7 12. a3 Rc8 13. Nc3 Na5 14. Rb1 Qd7 15. Bd2 Nc4 16. Bd3 Rc7 17. Bxc4 Rxc4 18. Bg5 Rfc8 19. e5 Nd5 20. Nxd5 Bxd5 21. exd6 exd6 22. Re7 Qf5 23. Be3 Bxf3 24. gxf3 Qxh3 25. b3 R4c6 26. a4 Bh6 27. axb5 axb5 28. Qe1 Qxf3 29. Bxh6 Qg4+ 30. Kh2 Qh4+ 31. Kg2 Qxh6 32. Re8+ Kg7 33. Qe7 Rxe8 34. Qxe8 Qg5+ 35. Kh2 Rc2 36. Qe1 Qf4+ 37. Kg2 Qxd4 38. Rd1 Qe5 39. Qf1 Rc3 40. b4 Qe4+ 41. Kg1 Qg4+ 42. Kh2 Qh4+ 43. Kg1 Rc4 44. Qd3 Rg4+ 45. Kf1 Qh1+ 46. Ke2 Qe4+ 47. Qe3 Qxb4 48. Qf3 h5 49. Rc1 Qb2+ 50. Kd1 Rd4+ 51. Ke1 Qxc1+ 52. Ke2 Qd1+ 53. Ke3 Qd2# 0-1

[Event "Detroit op"]
[Site "Detroit"]
[Date "2000.12.16"]
[Round "4"]
[White "Aldrich, Justin M"]
[Black "Hartsfield, Jonathan"]
[Result "1-0"]
[WhiteElo "1637"]
[BlackElo "1096"]
[PlyCount "57"]
[EventDate "2000.12.16"]
[EventType "swiss"]
[EventRounds "6"]
[EventCountry "USA"]
[SourceTitle "EXT 2007"]
[Source "ChessBase"]
[SourceDate "2006.11.23"]
[SourceVersion "1"]
[SourceVersionDate "2006.11.23"]
[SourceQuality "1"]

1. e4 c5 2. Nf3 e6 3. c3 d6 4. Bb5+ Nc6 5. 0-0 Nf6 6. Re1 Qb6 7. Bxc6+ Qxc6 8. e5 dxe5 9. Nxe5 Qc7 10. d4 cxd4 11. Qxd4 Be7 12. Bf4 Bd6 13. Qa4+ Bd7 14. Nxd7 Nxd7 15. Bxd6 Qxd6 16. Rd1 Qc7 17. Na3 0-0 18. Qxd7 Qxd7 19. Rxd7 Rab8 20. Rad1 Rfe8 21. Rc7 Kf8 22. Rdd7 Rec8 23. Rxf7+ Ke8 24. Rce7+ Kd8 25. Rxg7 Rc6 26. Rxh7 Rd6 27. Kf1 Rb6 28. Reg7 Rxb2 29. Rg8# 1-0